000 00290nam a2200121Ia 4500
008 190216s9999||||xx |||||||||||||| ||und||
100 _aMohan P N
245 0 _aHand Book On Sales Tax Laws In Kerala
260 _bSwamy Law House
_c2000
300 _a1086p
650 _aCommerce
942 _cBK
999 _c5878
_d5878